| 000 | 00464nam a2200133Ia 4500 | ||
|---|---|---|---|
| 008 | 220805s9999 xx 000 0 und d | ||
| 041 | _amar | ||
| 100 |
_aसबनीस, मिलिंद _990056 |
||
| 260 |
_aPune _bBhartiya vichar sadhana prakashan _c2022 |
||
| 245 | _aसमाजाला एकत्रित बांधणारा भक्तीमार्ग | ||
| 250 | _a1 | ||
| 300 | _a36 | ||
| 700 |
_aनिपानेकर, विजय _990057 |
||
| 999 |
_c49450 _d49450 |
||